| 000 | 00334nam a2200133Ia 4500 | ||
|---|---|---|---|
| 005 | 20260326235503.0 | ||
| 008 | 260326s9999||||xx |||||||||||||| ||und|| | ||
| 100 | _aGuiness, Desmond | ||
| 245 | 0 |
_aPalladio : _b A western progress / _cDesmond Guiness |
|
| 260 | _bViking Press | ||
| 300 | _a185 p. | ||
| 650 | _aARQUITECTOS | ||
| 942 | _cBK | ||
| 999 |
_c8097 _d8097 |
||